000
00318cam a2200121ua 4500
100
_a
Chamberlin , Edward Hastings .
245
_a
Twowards a more generl theory of value /
_c
Chamberlin.
_h
260
_a
:
_b
Oxford University Press ,
_c
1965.
300
_a
; .
504
_a
999
_c
11278
_d
11278